| 000 | 00484nam a2200193Ia 4500 | ||
|---|---|---|---|
| 999 |
_c2871 _d2871 |
||
| 003 | 0100 | ||
| 005 | 20170608134629.0 | ||
| 008 | 130227s9999 xx 000 0 und d | ||
| 040 | _cARRUPELIB | ||
| 050 | _aDT14.A37 | ||
| 245 | 4 | _aThe African experience | |
| 260 |
_bNorthwestern University Press _aEvanston _c1970 |
||
| 300 | _a2v. | ||
| 300 | _b 24 cm | ||
| 650 |
_aAfrica _xCivilization _xAddresses _932329 |
||
| 700 |
_aPaden, John N. ; Soja, Edward W. (ed.) _932330 |
||
| 942 |
_2lcc _cMONOGRAPH |
||